Fenerbahçe SK Squad 2024-2025 - Statistics

General Stats
  • This quiz has been taken 332 times
    74 since last reset
  • The average score is 26 of 31
Answer Stats
# Position Nation Player % Correct
10 FW Serbia Dušan Tadić
98%
9 FW Bosnia and Herzegovina Edin Džeko
98%
40 GK Croatia Dominik Livaković
94%
37 DF Slovakia Milan Škriniar
93%
19 FW Morocco Youssef En-Nesyri
93%
21 DF Nigeria Bright Osayi-Samuel
91%
53 MF Poland Sebastian Szymański
89%
6 DF Ghana Alexander Djiku
87%
97 FW France Allan Saint-Maximin
87%
18 MF Serbia Filip Kostić
87%
13 MF Brazil Fred
87%
17 FW Turkey İrfan Can Kahveci
87%
- Coach Portugal José Mourinho
87%
70 FW Turkey Oğuz Aydın
87%
34 MF Morocco Sofyan Amrabat
87%
2 DF Turkey Çağlar Söyüncü
85%
23 FW Turkey Cenk Tosun
85%
30 GK Turkey İrfan Can Eğribayat
85%
24 DF Netherlands Jayden Oosterwolde
85%
16 DF Turkey Mert Müldür
85%
50 DF Brazil Rodrigo Becão
81%
94 MF Brazil Talisca
80%
5 MF Turkey İsmail Yüksek
78%
8 MF Turkey Mert Hakan Yandaş
78%
11 FW England Ryan Kent
76%
33 DF Brazil Diego Carlos
74%
54 GK Turkey Ertuğrul Çetin
70%
3 DF Turkey Samet Akaydin
70%
22 DF Turkey Levent Mercan
59%
20 FW Turkey Cengiz Ünder
54%
28 MF Turkey Bartuğ Elmaz
52%
No matching quizzes found
Score Distribution
Percent of People with Each Score
Percentile by Number Answered
Your Score History
You have not taken this quiz since the last reset